| 000 | 00498nam a22001817a 4500 | ||
|---|---|---|---|
| 005 | 20230904173853.0 | ||
| 008 | 230904b |||||||| |||| 00| 0 eng d | ||
| 020 | _a9780470687260 | ||
| 082 |
_a775 _bLEW-D |
||
| 100 | _aLewell,John | ||
| 245 |
_aDigital Photography Next To Nothing _bFree and Low-cost Hardware and Software to Help you Shoot Like a Pro |
||
| 260 |
_aUSA _bWILEY _c2010 |
||
| 300 | _a366 | ||
| 500 | _aInclude index | ||
| 650 | _amasscom | ||
| 700 | _aJohn Lewell | ||
| 999 |
_c33418 _d33418 |
||